Geldanlage für Einsteiger Sparen, spekulieren oder versichern?

Gespeichert in:
Bibliographische Detailangaben
1. Verfasser: Bilitza, Karl-Heinz
Format: Buch
Sprache:Deutsch
Veröffentlicht: München Heyne 1990
Ausgabe:1. Aufl.
Tags: Tag hinzufügen
Keine Tags, Fügen Sie das erste Tag hinzu!

MARC

LEADER 00000nam a2200000 4500
001 c024688
005 20221215124427.7
041 0 |a ger 
044 |a DE 
245 1 0 |a Geldanlage für Einsteiger  |b Sparen, spekulieren oder versichern?  |c Karl-Heinz Bilitza 
250 |a 1. Aufl. 
264 1 |a München  |b Heyne  |c 1990 
300 |a 250 s. 
100 1 |a Bilitza, Karl-Heinz